| 000 | 02267nam a2200313 i 4500 | ||
|---|---|---|---|
| 001 | 23134355 | ||
| 003 | OSt | ||
| 005 | 20260210125857.0 | ||
| 008 | 230518s2023 nyua b 001 0 eng d | ||
| 020 |
_a9781785043994 _qpaperback |
||
| 040 |
_aDLC _beng _erda _cDLC _dDLC _duoc |
||
| 041 | 1 |
_aeng _hswe |
|
| 082 | 0 | 0 |
_a158.2 _223 _bTHO |
| 100 | 1 |
_aErikson, Thomas, _d1965- _eauthor. _94223 |
|
| 240 | 1 | 0 |
_aOmgiven av energitjuvar. _lEnglish |
| 245 | 1 | 0 |
_aSurrounded by vampires : _bhow to slay the time, Energy, and soul suckers in your life / _cThomas Erikson. |
| 250 |
_aFirst United States of America edition. _bMulti-million-copy bestselling author of Surrounded by idiots. |
||
| 264 | 1 |
_aLondon: _bVermilion, _c2023. |
|
| 264 | 4 | _c© Thomas Erikson 2023. | |
| 300 |
_axi, 348 pages : _billustrations ; _c21 cm. |
||
| 336 |
_atext _btxt _2rdacontent |
||
| 337 |
_aunmediated _bn _2rdamedia |
||
| 338 |
_avolume _bnc _2rdacarrier |
||
| 504 | _aIncludes index. | ||
| 520 |
_a"Vanquish the energy thieves in your life and at work. Are there people in your life that leave you feeling drained, depleted, and just exhausted? Twenty minutes with these people and you feel as if you've just run a marathon. They demand limitless time, emotional support, attention, or affirmation; you dread interacting with them but don't know how to change the dynamic. You've just encountered a real-life vampire. Dracula has nothing on these ubiquitous social villains who take-time, energy, attention, emotional capacity- without reciprocating, and leave you too exhausted to protest. Energy vampires can be people, situations, or even your own mindset, but in Surrounded by Energy Vampires, internationally best-selling author Thomas Erikson identifies the different types of energy vampires and offers practical tools, fun self-assessments, and relatable stories to help you combat them. Using the same simple, four-color behavior that made Surrounded by Idiots a runaway bestseller, Surrounded by Energy Vampires will help you slay the energy sucking interactions in your life whether they're lurking at the office, amongst your friends, or in your own home"-- _cProvided by publisher. |
||
| 650 | 0 | _aInterpersonal conflict. | |
| 650 | 0 | _aInterpersonal relations. | |
| 942 |
_2ddc _cBK |
||
| 999 |
_c1774 _d1774 |
||